<?xml version='1.0' encoding='UTF-8'?>
  <record xmlns="http://www.loc.gov/MARC21/slim">
    <leader>00000cam a22000007i 4500</leader>
    <controlfield tag="001">on1534118330</controlfield>
    <controlfield tag="003">OCoLC</controlfield>
    <controlfield tag="005">20250911211307.7</controlfield>
    <controlfield tag="008">250822q14761477be            000 0 lat d</controlfield>
    <datafield tag="040" ind1=" " ind2=" ">
      <subfield code="a">QGJ</subfield>
      <subfield code="b">eng</subfield>
      <subfield code="e">rda</subfield>
      <subfield code="e">dcrmr</subfield>
      <subfield code="c">QGJ</subfield>
      <subfield code="d">QGJ</subfield>
      <subfield code="d">OCLCO</subfield>
    </datafield>
    <datafield tag="035" ind1=" " ind2=" ">
      <subfield code="a">(OCoLC)1534118330</subfield>
    </datafield>
    <datafield tag="130" ind1="0" ind2=" ">
      <subfield code="a">Vitae patrum.</subfield>
    </datafield>
    <datafield tag="245" ind1="1" ind2="0">
      <subfield code="a">De vita sanctorum patrum</subfield>
    </datafield>
    <datafield tag="246" ind1="1" ind2=" ">
      <subfield code="i">Title according to ISTC:</subfield>
      <subfield code="a">Vitae sanctorum patrum, sive Vitas patrum</subfield>
    </datafield>
    <datafield tag="246" ind1="1" ind2=" ">
      <subfield code="i">Title according to GW:</subfield>
      <subfield code="a">Vitas patrum</subfield>
    </datafield>
    <datafield tag="264" ind1=" " ind2="1">
      <subfield code="a">[Brussels] :</subfield>
      <subfield code="b">[Fratres Vitae Communis],</subfield>
      <subfield code="c">[between 1476 and 1477]</subfield>
    </datafield>
    <datafield tag="300" ind1=" " ind2=" ">
      <subfield code="a">[154] leaves ;</subfield>
      <subfield code="c">30 cm (folio)</subfield>
    </datafield>
    <datafield tag="336" ind1=" " ind2=" ">
      <subfield code="a">text</subfield>
      <subfield code="b">txt</subfield>
      <subfield code="2">rdacontent</subfield>
    </datafield>
    <datafield tag="337" ind1=" " ind2=" ">
      <subfield code="a">unmediated</subfield>
      <subfield code="b">n</subfield>
      <subfield code="2">rdamedia</subfield>
    </datafield>
    <datafield tag="338" ind1=" " ind2=" ">
      <subfield code="a">volume</subfield>
      <subfield code="b">nc</subfield>
      <subfield code="2">rdacarrier</subfield>
    </datafield>
    <datafield tag="340" ind1=" " ind2=" ">
      <subfield code="m">folio</subfield>
      <subfield code="2">rdabf</subfield>
    </datafield>
    <datafield tag="340" ind1=" " ind2=" ">
      <subfield code="k">2 columns</subfield>
    </datafield>
    <datafield tag="500" ind1=" " ind2=" ">
      <subfield code="a">Title from the incipit, leaf [1] recto, which reads: Jncipit p[rae]facio beati iheronimi presbiteri: in p[ri]mu[m] libru[m] de vita sanctor[um] p[at]r[u]m.</subfield>
    </datafield>
    <datafield tag="500" ind1=" " ind2=" ">
      <subfield code="a">Publication statement from ISTC.</subfield>
    </datafield>
    <datafield tag="500" ind1=" " ind2=" ">
      <subfield code="a">Text printed in 2 columns, 37 lines.</subfield>
    </datafield>
    <datafield tag="500" ind1=" " ind2=" ">
      <subfield code="a">Capital spaces without guide letters.</subfield>
    </datafield>
    <datafield tag="500" ind1=" " ind2=" ">
      <subfield code="a">Dated from HPT, II, 397. Dated to between 1476-1478 in Goff H197. Source: ISTC.</subfield>
    </datafield>
    <datafield tag="500" ind1=" " ind2=" ">
      <subfield code="a">Signatures: [a-f¹⁰ g-h⁸ i-l¹⁰ m¹² n-o¹⁰ p-q⁸] ; [h8] and [q8] are blank.</subfield>
    </datafield>
    <datafield tag="505" ind1="0" ind2=" ">
      <subfield code="a">[Pseudo-] Hieronymus. Vitae sanctorum patrum, part I, in the Latin version by Tyrannius Rufinus, caption "Jncipit liber p[ri]m[us] de vita sa[n]ctorum p[at]r[u]m egiptior[um] · de abbate iohanne", incipit "[P]Rimu[m] igit[ur] ta[m]q[uam] [christu]m fu[n]damentu[m] nostri op[er]is", [a2]r-[c10]r, preceded by preface, incipit "[B]Enedictus de[us] qui vult omnes homines saluos", [a1]r-v; [Pseudo-] Hieronymus. Vitae sanctorum patrum, part II, in the Latin version by Tyrannius Rufinus, incipit "[Q]Vida[m] s[an]c[t]or[um] p[at]r[u]m senioru[m] i[n]terroga[n]tib[us]", [d1]r-[f4]r, preceded by [Tyrannius Rufinus]. "Prologus", incipit "[V]Ere mu[n]du[m] quis dubitet meritis", [d1]r; [Pseudo-] Hieronymus. Vitae sanctorum patrum, part III [i.e. Historia Lausiaca], incipit "[D]Vm primu[m] ad alexandria[m]", [f5]r-[h7]r, preceded by Palladius. "Prologus", incipit "[M]Ulta quide[m] [et] varia div[er]sis temporib[us] a div[er]sis co[n]sc[ri]pta h[abe]nt[ur]", [f5]r; "Narratio q[ue]da[m] de s[an]c[t]o machario", incipit "[C]Onfirmatu[m] est nobis de eo ab hijs qui ab ore ei[us] audierunt", [h7]r-v; [Pseudo-] Hieronymus. Vitae sanctorum patrum, part IV, in the Latin version by Pelagius, incipit "[A]D p[ro]fectu[m] co[n]u[er]sationis q[ui]da[m] frat[er] venire cupie[n]s", [i1]v-[p3]v, preceded by "Argumentum", translated by Pelagius and Johannes Subdiaconus, incipit "[C]Um o[mn]is p[rae]fatio textu[m] oportune p[rae]ueniens", [i1]r, and table of contents, [i1]r-v; [Pseudo-] Abbas Moyses. Consummata virtus et perfectio monachi, caption "Hec su[n]t v[er]ba vii · q[ue] misit abbas moyses abbati pastori i[n] q[ui]b[us] [con]tinet[ur] [con]su[m]mata virt[us] [et] p[er]f[e]ctio mo[na]chi", incipit "[D]Jixit abbas moyses · P[ri]mo q[uod] debet", [p3]v-[p4]r; [Pseudo-] Hieronymus. Vitae sanctorum patrum, part V, incipit "[E]Xplica[n]s senex q[ui]da[m] benificia p[er] hu[m]anitatem [christ]i", [p5]r-[q7]v, preceded by "Prologus", incipit "[L]Jcet ab exordio co[n]scritionis n[ost]re voluntas", [p5]r.</subfield>
    </datafield>
    <datafield tag="510" ind1="4" ind2=" ">
      <subfield code="a">Incunabula Short Title Catalogue,</subfield>
      <subfield code="c">ih00197000</subfield>
      <subfield code="u">https://data.cerl.org/istc/ih00197000</subfield>
    </datafield>
    <datafield tag="510" ind1="4" ind2=" ">
      <subfield code="a">Gesamtkatalog der Wiegendrucke,</subfield>
      <subfield code="c">M50860</subfield>
      <subfield code="u">https://www.gesamtkatalogderwiegendrucke.de/docs/M50860.htm</subfield>
    </datafield>
    <datafield tag="510" ind1="4" ind2=" ">
      <subfield code="a">Incunabula in Dutch libraries,</subfield>
      <subfield code="c">2313</subfield>
    </datafield>
    <datafield tag="510" ind1="4" ind2=" ">
      <subfield code="a">Catalogue of books printed in the XVth century now in the British Museum,</subfield>
      <subfield code="c">IX, 173</subfield>
    </datafield>
    <datafield tag="510" ind1="4" ind2=" ">
      <subfield code="a">Catalogue of books printed in the fifteenth century now in the Bodleian Library, Oxford,</subfield>
      <subfield code="c">H-106</subfield>
    </datafield>
    <datafield tag="510" ind1="4" ind2=" ">
      <subfield code="a">Campbell, M.F.A.G. Annales de la typographie néerlandaise au XVe siècle (1962 edition),</subfield>
      <subfield code="c">936</subfield>
    </datafield>
    <datafield tag="510" ind1="4" ind2=" ">
      <subfield code="a">Goff, F.R. Incunabula in American libraries,</subfield>
      <subfield code="c">H197</subfield>
    </datafield>
    <datafield tag="510" ind1="4" ind2=" ">
      <subfield code="a">Copinger, W.A. Supplement to Hain’s Repertorium bibliographicum,</subfield>
      <subfield code="c">8590</subfield>
    </datafield>
    <datafield tag="510" ind1="4" ind2=" ">
      <subfield code="a">Wytze and Lotte Hellinga, The Fifteenth-century Printing Types of the Low Countries (HPT), 2 vols, Amsterdam, 1966,</subfield>
      <subfield code="c">II, 397</subfield>
    </datafield>
    <datafield tag="510" ind1="4" ind2=" ">
      <subfield code="a">Catalogue of the fifteenth-century printed books in the University Library, Cambridge,</subfield>
      <subfield code="c">3861</subfield>
    </datafield>
    <datafield tag="650" ind1=" " ind2="0">
      <subfield code="a">Christian saints</subfield>
      <subfield code="v">Biography</subfield>
      <subfield code="v">Early works to 1800.</subfield>
    </datafield>
    <datafield tag="650" ind1=" " ind2="0">
      <subfield code="a">Fathers of the church</subfield>
      <subfield code="v">Biography</subfield>
      <subfield code="v">Early works to 1800.</subfield>
    </datafield>
    <datafield tag="650" ind1=" " ind2="0">
      <subfield code="a">Hermits</subfield>
      <subfield code="v">Biography</subfield>
      <subfield code="v">Early works to 1800.</subfield>
    </datafield>
    <datafield tag="650" ind1=" " ind2="6">
      <subfield code="a">Pères de l'Église</subfield>
      <subfield code="v">Biographies</subfield>
      <subfield code="v">Ouvrages avant 1800.</subfield>
    </datafield>
    <datafield tag="650" ind1=" " ind2="6">
      <subfield code="a">Ermites</subfield>
      <subfield code="v">Biographies</subfield>
      <subfield code="v">Ouvrages avant 1800.</subfield>
    </datafield>
    <datafield tag="650" ind1=" " ind2="7">
      <subfield code="a">Christian saints</subfield>
      <subfield code="2">fast</subfield>
    </datafield>
    <datafield tag="650" ind1=" " ind2="7">
      <subfield code="a">Fathers of the church</subfield>
      <subfield code="2">fast</subfield>
    </datafield>
    <datafield tag="650" ind1=" " ind2="7">
      <subfield code="a">Hermits</subfield>
      <subfield code="2">fast</subfield>
    </datafield>
    <datafield tag="655" ind1=" " ind2="0">
      <subfield code="a">Incunabula</subfield>
    </datafield>
    <datafield tag="655" ind1=" " ind2="7">
      <subfield code="a">incunabula (books)</subfield>
      <subfield code="2">aat</subfield>
    </datafield>
    <datafield tag="655" ind1=" " ind2="7">
      <subfield code="a">Biographies</subfield>
      <subfield code="2">fast</subfield>
    </datafield>
    <datafield tag="655" ind1=" " ind2="7">
      <subfield code="a">Early works</subfield>
      <subfield code="2">fast</subfield>
    </datafield>
    <datafield tag="655" ind1=" " ind2="7">
      <subfield code="a">Incunables.</subfield>
      <subfield code="2">rvmgf</subfield>
    </datafield>
    <datafield tag="700" ind1="0" ind2=" ">
      <subfield code="a">Jerome,</subfield>
      <subfield code="c">Saint,</subfield>
      <subfield code="d">-419 or 420,</subfield>
      <subfield code="e">author,</subfield>
      <subfield code="e">attributed name.</subfield>
      <subfield code="4">aut</subfield>
      <subfield code="4">att</subfield>
      <subfield code="1">https://id.oclc.org/worldcat/entity/E39PCjJB3qjpGMkybXmJ3G8qHC</subfield>
    </datafield>
    <datafield tag="700" ind1="0" ind2=" ">
      <subfield code="a">Rufinus,</subfield>
      <subfield code="c">of Aquileia,</subfield>
      <subfield code="d">345-410,</subfield>
      <subfield code="e">translator.</subfield>
      <subfield code="4">trl</subfield>
    </datafield>
    <datafield tag="700" ind1="0" ind2=" ">
      <subfield code="a">Palladius,</subfield>
      <subfield code="c">Bishop of Aspuna,</subfield>
      <subfield code="d">-approximately 430,</subfield>
      <subfield code="e">author.</subfield>
      <subfield code="4">aut</subfield>
      <subfield code="1">https://id.oclc.org/worldcat/entity/E39PBJyh8bqbWkHDctg7GFHgrq</subfield>
    </datafield>
    <datafield tag="700" ind1="0" ind2=" ">
      <subfield code="a">Pelagius,</subfield>
      <subfield code="e">translator.</subfield>
      <subfield code="4">trl</subfield>
      <subfield code="1">https://id.oclc.org/worldcat/entity/E39PCjKvb8GTJk3HpmDdG6WJWC</subfield>
    </datafield>
    <datafield tag="710" ind1="2" ind2=" ">
      <subfield code="a">Fratres Vitae Communis (Brussels, Belgium),</subfield>
      <subfield code="e">printer.</subfield>
      <subfield code="4">prt</subfield>
    </datafield>
    <datafield tag="752" ind1=" " ind2=" ">
      <subfield code="a">Belgium</subfield>
      <subfield code="d">Brussels,</subfield>
      <subfield code="e">publication place.</subfield>
      <subfield code="4">pup</subfield>
    </datafield>
    <datafield tag="758" ind1=" " ind2=" ">
      <subfield code="i">has work:</subfield>
      <subfield code="a">Vitae sanctorum patrum (Text)</subfield>
      <subfield code="1">https://id.oclc.org/worldcat/entity/E39PCFVj4P3rpGv6J9jh6KgX8d</subfield>
      <subfield code="4">https://id.oclc.org/worldcat/ontology/hasWork</subfield>
    </datafield>
  </record>